000 00699nam a2200217 a 4500
001 000014807
005 20240412074242.0
008 100122s2008 dr r 001 0 spa d
020 _a9789945862133
040 _aDO-SdBNP
_bspa
_cBNPHU
082 _aRD861.44
_bE79m
100 1 _aEstévez, Domingo José,
_d1957-
_933554
245 1 0 _aMis tres amores /
_cDomingo José Estévez.
260 _aSanto Domingo :
_b[s.n.],
_c2008.
300 _a85 p. ;
_c19 cm.
500 _aIncluye datos biográficos del autor en la contracubierta
590 _aInventariado, 2018/BT
650 0 _aPoesía dominicana
_966
650 0 _aLiteratura dominicana.
_967
910 _aValidado. Control de calidad. MMOLINA
999 _c14388
_d14388